000 00594cam a22002291 4500
001 sa 67002243
003 DLC
005 20260227112329.0
008 890426s1966 ii ac b 000 0 telo
010 _asa 67002243
035 _a(OCoLC)19609194
040 _aDLC
_cWaU
_dDLC
042 _apremarc
050 0 0 _aDS481.S48
_bP285
100 1 _aParthasarathy, N. C. S.
245 0 0 _aLāl Bahādūr Śāstri.
260 _c1966.
300 _aii, 124 p.
_billus., ports.
_c22 cm.
500 _aIn Telugu.
504 _aBibliography: p. 124.
600 1 0 _aShastri, Lal Bahadur,
_d1904-1966.
999 _c73151
_d73151